<?xml version="1.0" encoding="UTF-8"?>
<record
    xmlns:xsi="http://www.w3.org/2001/XMLSchema-instance"
    xsi:schemaLocation="http://www.loc.gov/MARC21/slim http://www.loc.gov/standards/marcxml/schema/MARC21slim.xsd"
    xmlns="http://www.loc.gov/MARC21/slim">

  <leader>01381nam2a22002411  4500</leader>
  <controlfield tag="001">rc\4075904</controlfield>
  <controlfield tag="005">20250611081831.0</controlfield>
  <datafield tag="021" ind1=" " ind2=" ">
    <subfield code="a">RU</subfield>
    <subfield code="b">[46-19746]</subfield>
  </datafield>
  <datafield tag="035" ind1=" " ind2=" ">
    <subfield code="a">(NLR Aleph) 008122759</subfield>
  </datafield>
  <datafield tag="090" ind1=" " ind2=" ">
    <subfield code="a">9374109</subfield>
    <subfield code="c">9374109</subfield>
  </datafield>
  <datafield tag="100" ind1=" " ind2=" ">
    <subfield code="a">20130415d1947    |||y0rusy50      ca</subfield>
  </datafield>
  <datafield tag="101" ind1="0" ind2=" ">
    <subfield code="a">rus</subfield>
  </datafield>
  <datafield tag="102" ind1=" " ind2=" ">
    <subfield code="a">RU</subfield>
  </datafield>
  <datafield tag="105" ind1=" " ind2=" ">
    <subfield code="a">y   z   |||||</subfield>
  </datafield>
  <datafield tag="200" ind1="0" ind2=" ">
    <subfield code="a">&#x412;&#x44B;&#x43F;. 2</subfield>
  </datafield>
  <datafield tag="210" ind1=" " ind2=" ">
    <subfield code="d">1947 [&#x432; &#x432;&#x44B;&#x43F;. &#x434;&#x430;&#x43D;&#x43D;&#x44B;&#x445;: 1946]</subfield>
    <subfield code="a">&#x411;. &#x43C;.</subfield>
  </datafield>
  <datafield tag="215" ind1=" " ind2=" ">
    <subfield code="a">36 &#x441;. &#x431;&#x435;&#x437; &#x442;&#x438;&#x442;. &#x43B;.</subfield>
  </datafield>
  <datafield tag="461" ind1=" " ind2="0">
    <subfield code="1">001rc\4075902</subfield>
    <subfield code="1">2001#$aEnglish by correspondence$e&#x423;&#x447;&#x435;&#x431;&#x43D;&#x438;&#x43A; &#x430;&#x43D;&#x433;&#x43B;. &#x44F;&#x437;.$e&#x414;&#x43B;&#x44F; &#x432;&#x44B;&#x441;&#x448;. &#x443;&#x447;&#x435;&#x431;. &#x437;&#x430;&#x432;&#x435;&#x434;&#x435;&#x43D;&#x438;&#x439; &#x437;&#x430;&#x43E;&#x447;. &#x43E;&#x431;&#x443;&#x447;&#x435;&#x43D;&#x438;&#x44F;$f&#x421;&#x43E;&#x441;&#x442;. &#x410;. &#x41F;&#x435;&#x442;&#x440;&#x43E;&#x432;&#x43E;&#x439; &#x438; &#x421;. &#x41F;&#x43E;&#x43D;&#x442;&#x43E;&#x432;&#x438;&#x447;$g[&#x41F;&#x43E;&#x434; &#x440;&#x435;&#x434;. &#x421;. &#x421;&#x443;&#x432;&#x43E;&#x440;&#x43E;&#x432;&#x430;$g&#x414;&#x43E;&#x43F;&#x443;&#x449;. &#x41C;&#x438;&#x43D;&#x438;&#x441;&#x442;&#x435;&#x440;&#x441;&#x442;&#x432;&#x43E;&#x43C; &#x432;&#x44B;&#x441;&#x448;. &#x43E;&#x431;&#x440;&#x430;&#x437;&#x43E;&#x432;&#x430;&#x43D;&#x438;&#x44F; &#x421;&#x421;&#x421;&#x420;]. &#x412;&#x44B;&#x43F;. 1-$v&#x412;&#x44B;&#x43F;. 2</subfield>
    <subfield code="1">700#1$a&#x41F;&#x435;&#x442;&#x440;&#x43E;&#x432;&#x430;$b&#x410;.&#x412;.$g&#x410;&#x43D;&#x430;&#x441;&#x442;&#x430;&#x441;&#x438;&#x44F; &#x412;&#x43B;&#x430;&#x434;&#x438;&#x43C;&#x438;&#x440;&#x43E;&#x432;&#x43D;&#x430;</subfield>
    <subfield code="9">9374100</subfield>
    <subfield code="a">&#x41F;&#x435;&#x442;&#x440;&#x43E;&#x432;&#x430;, &#x410;. &#x412;. (&#x43A;&#x430;&#x43D;&#x434;. &#x43F;&#x435;&#x434;. &#x43D;&#x430;&#x443;&#x43A;, &#x430;&#x43D;&#x433;&#x43B;. &#x44F;&#x437;&#x44B;&#x43A; ; 1902-1984)</subfield>
    <subfield code="c">&#x41C;&#x43E;&#x441;&#x43A;&#x432;&#x430;</subfield>
    <subfield code="d">1947</subfield>
    <subfield code="f">&#x421;&#x43E;&#x441;&#x442;. &#x410;. &#x41F;&#x435;&#x442;&#x440;&#x43E;&#x432;&#x43E;&#x439; &#x438; &#x421;. &#x41F;&#x43E;&#x43D;&#x442;&#x43E;&#x432;&#x438;&#x447;</subfield>
    <subfield code="n">&#x418;&#x437;&#x434;-&#x432;&#x43E; &#x43B;&#x438;&#x442;. &#x43D;&#x430; &#x438;&#x43D;&#x43E;&#x441;&#x442;&#x440;. &#x44F;&#x437;.</subfield>
    <subfield code="o">&#x423;&#x447;&#x435;&#x431;&#x43D;&#x438;&#x43A; &#x430;&#x43D;&#x433;&#x43B;. &#x44F;&#x437;. : &#x414;&#x43B;&#x44F; &#x432;&#x44B;&#x441;&#x448;. &#x443;&#x447;&#x435;&#x431;. &#x437;&#x430;&#x432;&#x435;&#x434;&#x435;&#x43D;&#x438;&#x439; &#x437;&#x430;&#x43E;&#x447;. &#x43E;&#x431;&#x443;&#x447;&#x435;&#x43D;&#x438;&#x44F;</subfield>
    <subfield code="t">English by correspondence</subfield>
    <subfield code="v">&#x412;&#x44B;&#x43F;. 2</subfield>
  </datafield>
  <datafield tag="801" ind1=" " ind2="0">
    <subfield code="a">RU</subfield>
    <subfield code="b">NLR</subfield>
    <subfield code="g">psbo</subfield>
  </datafield>
  <datafield tag="801" ind1=" " ind2="1">
    <subfield code="a">RU</subfield>
    <subfield code="b">ELAR</subfield>
    <subfield code="2">rusmarc</subfield>
  </datafield>
  <datafield tag="852" ind1=" " ind2=" ">
    <subfield code="a">NLR</subfield>
    <subfield code="j">&#x42F;60 &#x413;-6/89</subfield>
  </datafield>
  <datafield tag="942" ind1=" " ind2=" ">
    <subfield code="c">BOOK</subfield>
  </datafield>
  <datafield tag="980" ind1=" " ind2=" ">
    <subfield code="a">NB</subfield>
  </datafield>
  <datafield tag="995" ind1=" " ind2=" ">
    <subfield code="5">2013-10-26</subfield>
    <subfield code="b">NLR02</subfield>
    <subfield code="c">NLR02</subfield>
    <subfield code="e">RFS</subfield>
    <subfield code="f">8122759-10</subfield>
    <subfield code="k">&#x42F;60 &#x413;-6/89</subfield>
    <subfield code="o">0</subfield>
    <subfield code="r">BOOK</subfield>
    <subfield code="s">60_689</subfield>
  </datafield>
</record>
